STN EN ISO 4210-6: 2016 (30 9042) [neplatná], Bicykle. Bezpečnostné požiadavky na bicykle Časť 6 Metódy skúšania rámu a vidlice (ISO 4210-6: 2015)

Táto norma je slovenskou verziou európskej normy EN ISO 4210-6: 2015. Preklad zabezpečil Úrad pre normalizáciu, metrológiu a skúšobníctvo Slovenskej republiky. Táto norma má rovnaké postavenie, ako majú oficiálne verzie

Bibliographic Details
Other Authors: Volčko, Jaroslav (Translator)
Format: Book
Language:Slovak
English
PhysicalDescription:24 strán obrázky, tabuľky 30 cm
Published: Bratislava Úrad pre normalizáciu, metrológiu a skúšobníctvo Slovenskej republiky 2016
Subjects:

MARC

LEADER 00000cam a2200000 a 4500
001 vtls011591902
003 SK-MaSNL
005 20260301093017.0
008 161109s2016 xo a fru 000 0 slo
015 |a SNBN2017 
040 |a SNK  |b slo  |c SNK  |e AACR2 
041 1 |a slo  |h eng 
044 |a xo  |c SK 
046 |a m  |m 20161101 (účin.)  |n 20240731 (zruš.) 
072 7 |a 629  |x Dopravné prostriedky  |2 konspekt 
072 7 |a 620.1/.2  |x Náuka o materiáli  |2 konspekt 
080 |a 629.322  |2 2011 
080 |a 006.88  |2 2001 
080 |a (437.6)  |2 2001 
080 |a (4)  |2 2001 
080 |a 331.45  |2 2011 
080 |a (083.742)  |2 2011 
080 |a 006.86  |2 2001 
080 |a 346.548  |2 2001 
080 |a 346.544.4  |2 2001 
080 |a 620.1  |2 2001 
084 |a 43.150  |2 ICS 
130 0 |a STN 30 9042 (STN EN ISO 4210-6) [neplatná]  |9 424727 
245 1 0 |a STN EN ISO 4210-6: 2016 (30 9042) [neplatná], Bicykle. Bezpečnostné požiadavky na bicykle  |n Časť 6  |p Metódy skúšania rámu a vidlice (ISO 4210-6: 2015) 
246 1 0 |a Bicykle 
246 1 0 |a Bezpečnostné požiadavky na bicykle 
246 1 0 |a Metódy skúšania rámu a vidlice 
246 3 0 |a EN ISO 4210-6: 2015 SK 
246 3 0 |a ISO 4210-6: 2015 
260 |a Bratislava  |b Úrad pre normalizáciu, metrológiu a skúšobníctvo Slovenskej republiky  |c 2016 
300 |a 24 strán  |b obrázky, tabuľky  |c 30 cm 
500 |a Súbežný názov v angličtine, francúzštine, nemčine 
500 |a Spracovateľ: MIKONA-INFO Zvolen, Jaroslav Volčko 
500 |a Táto norma nahrádza anglickú verziu STN EN ISO 4210-6 z mája 2016, ktorá od 1.5.2016 nahradila STN EN ISO 4210-6 z novembra 2014 v celom rozsahu 
500 |a Táto norma je od 1.6.2023 nahradená anglickou verziou normy STN EN ISO 4210-6 z júna 2023, ktorú nahradila slovenská verzia normy STN EN ISO 4210-6 z júna 2024 v celom rozsahu. Táto norma sa môže súbežne s normou STN EN ISO 4210-6 z júna 2024 používať do 31.7.2024 
504 |a Normatívne referenčné dokumenty, súvisiace normy na strane 2 
520 8 |a Táto norma je slovenskou verziou európskej normy EN ISO 4210-6: 2015. Preklad zabezpečil Úrad pre normalizáciu, metrológiu a skúšobníctvo Slovenskej republiky. Táto norma má rovnaké postavenie, ako majú oficiálne verzie 
540 |a STN vydané na akomkoľvek nosiči sa môžu rozmnožovať a rozširovať iba so súhlasom určenej právnickej osoby  |b SÚTN Bratislava  |c zákon 264/1999 Z. z. 
650 0 7 |a bicykle  |2 SNKPH  |9 50983 
650 0 7 |a technické normy a štandardy  |z Slovensko  |2 SNKPH  |9 79594 
650 0 7 |a technické normy a štandardy  |z krajiny Európskej únie  |2 SNKPH  |9 289341 
650 0 7 |a všeobecná bezpečnosť výrobkov  |2 SNKPH  |9 1525 
650 0 7 |a bezpečnosť práce  |2 SNKPH  |9 1296 
650 0 7 |a technické požiadavky na výrobky  |2 SNKPH  |9 1524 
650 0 7 |a skúšobníctvo  |2 SNKPH  |9 4202 
650 0 7 |a Bicycles  |2 SNKPHeng  |9 322271 
650 0 7 |a Product safety  |2 SNKPHeng  |9 317384 
650 0 7 |a Products liability  |2 SNKPHeng  |9 334067 
650 0 7 |a Material testing  |2 SNKPHeng  |9 266886 
650 0 7 |a Occupational safety  |2 SNKPHeng  |9 287472 
655 7 |a normy  |2 SNKPH  |9 70643 
700 1 |a Volčko, Jaroslav  |4 trl  |9 99320 
710 1 |a Slovensko.  |b Úrad pre normalizáciu, metrológiu a skúšobníctvo  |4 stn  |9 158117 
710 2 |a Slovenský ústav technickej normalizácie (Bratislava, Slovensko).  |b Technická komisia č. 33 Cestné vozidlá  |4 stn  |9 313883 
710 2 |a MIONA-INFO (Zvolen, Slovensko)  |4 stn  |9 424728 
852 |a Štátna vedecká knižnica v Banskej Bystrici 
958 |a OP 
999 |c 675742  |d 677672 
952 |a SNK  |b SNK  |y PREZ  |7 0  |p 17A1250236  |o snkSTN EN ISO 4210-6  |i snk2017/275  |8 0  |0 0  |1 0  |4 0  |d 2017-01-05  |l 0  |r 2026-02-23 19:40:52  |w 2026-02-23 
952 |a SNK  |b SNK  |y PREZ  |7 0  |p 17A1250237  |o snkSTN EN ISO 4210-6 D1  |i snk2017/276  |8 0  |0 0  |1 0  |4 0  |d 2017-01-05  |l 0  |r 2026-02-23 19:40:52  |w 2026-02-23